00529nam a22001577a 450000500170000001000150001702000260003203500140005803700090007208200110008110000290009224500690012126000410019027001190023130000210035020220218165541.0 aENG-131688 a9789390869183c280.00 aEN-115220 bDBAD a305.42 aNarain, Kshipra Bhandari aBeing Me...:bA Woman In Progress 24x7/cKshipra Bhandari Narain aPunebVishwakarma Publicationsc2021 a34A/1, Suyog Center, 7th Floor, Gultekadi Marketyard Road, Giridhar Bhavan ChowkbPunee411037minfo@vpindia.co.in a215p.c22cm(pbk)